| 000 | 00436nam a22001577a 4500 | ||
|---|---|---|---|
| 999 |
_c532524 _d532524 |
||
| 020 | _a- | ||
| 082 |
_a692.3 _bSON |
||
| 100 | _aSoni Saurabh Kumar | ||
| 245 | _aBuilding Materials and Construction | ||
| 260 |
_aNew Delhi : _bS.K. Kataria & Sons; _c2014. |
||
| 300 | _a484p. | ||
| 942 |
_2ddc _cBK |
||
| 504 | _aIncludes bibliography | ||
| 650 |
_aBuilding constructions _918370 |
||